|
|
|
|
| LEADER |
00000nam a22000007a 4500 |
| 005 |
20170305230038.0 |
| 007 |
cr|||| |||| |
| 008 |
170305s2015 es |||||s|||| 00||0 spa d |
| 020 |
|
|
|a 978-84-9085-671-0
|
| 035 |
|
|
|a 14766
|
| 040 |
|
|
|a vLex
|
| 090 |
|
|
|c 6571
|d 6571
|
| 100 |
1 |
|
|a Přez-Ugena, Mara̕
|
| 245 |
1 |
0 |
|a Mediacin̤ y Deporte
|h [Recurso electrn̤ico] /
|c Mara̕ Přez-Ugena
|
| 256 |
|
|
|a Servicio en ln̕ea
|
| 260 |
|
|
|a Madrid:
|b Dykinson,
|c 2015
|
| 300 |
|
|
|a 1 recurso electrn̤ico
|
| 506 |
1 |
|
|a Disponible solo en los productos indicados
|d vLex Global
|d vLex Global (Academic Edition, excluding Law Schools)
|d vLex Global (U.S. Academic Edition, Law Schools)
|d vLex Global (U.S. Academic Edition, excluding Law Schools)
|d vLex Global (Academic Edition, Law Schools)
|
| 650 |
0 |
4 |
|a Arbitraje
|z Espaą
|
| 650 |
0 |
4 |
|a Deporte
|z Espaą
|
| 740 |
0 |
|
|a vLex Libros (Servicio en ln̕ea)
|
| 856 |
4 |
0 |
|u http://vlex.com/source/mediacion-deporte-14766
|z Acceso restringido
|
| 942 |
|
|
|c BOOK
|
| 999 |
0 |
|
|a Arbitration
|
| 999 |
0 |
|
|a Sport
|